000
00278nam a2200121Ia 4500
008
220216s9999 xx 000 0 und d
100
_a
Bridge Ken
245
0
_a
Weed control with safety
260
_b
Planter
_c
1962
300
_a
134-135
650
_a
Weed control
942
_c
JS
999
_c
72342
_d
72342